Zhodnotenie kvality podnikateľského prostredia vo vybranej krajine Európskej únie diplomová práca

Salvato in:
Dettagli Bibliografici
Autore principale: Mičudová, Miroslava
Ente Autore: Fakulta podnikového manažmentu EU. Katedra podnikovohospodárska
Altri autori: Šúbertová, Elena
Natura: Libro
Lingua:slovacco
Pubblicazione: Bratislava 2014
Tags: Aggiungi Tag
Nessun Tag, puoi essere il primo ad aggiungerne!!

MARC

LEADER 00000nbm a2200000 4500
001 0188005
005 20170201092356.7
041 0 |a slo 
044 |a SK 
245 1 0 |a Zhodnotenie kvality podnikateľského prostredia vo vybranej krajine Európskej únie  |b diplomová práca  |c Miroslava Mičudová ; školiteľ: Elena Šúbertová 
264 1 |a Bratislava  |c 2014 
300 |a 69 s. 
100 1 |a Mičudová, Miroslava 
700 1 |a Šúbertová, Elena 
710 2 |a Fakulta podnikového manažmentu EU. Katedra podnikovohospodárska